Central Library OPAC University of Rajshahi

অমিয় চক্রবর্তীর শ্রেষ্ঠ কবিতা / (Record no. 54610)

MARC details
000 -LEADER
fixed length control field 00862nam a2200241 a 4500
001 - CONTROL NUMBER
control field 54610
003 - CONTROL NUMBER IDENTIFIER
rucl marc code BD-RjUL
005 - DATE AND TIME OF LATEST TRANSACTION
control field 20211209080138.0
008 - FIXED-LENGTH DATA ELEMENTS--GENERAL INFORMATION
fixed length control field 161108s1994 ii ||||| |||| 00| p ben d
020 ## - INTERNATIONAL STANDARD BOOK NUMBER
International Standard Book Number 8170794846
Terms of availability : Tk. 35.00
035 ## - SYSTEM CONTROL NUMBER
System control number (BD-RjUL)54732
040 ## - CATALOGING SOURCE
Original cataloging agency BD-RjUL
Language of cataloging ben
Transcribing agency BD-RjUL
041 ## - LANGUAGE CODE
Language code of text/sound track or separate title ben
082 ## - DEWEY DECIMAL CLASSIFICATION NUMBER
Edition number 23
Classification number 891.441
Author mark and year CHA 1994
100 ## - MAIN ENTRY--PERSONAL NAME
Personal name চক্রবর্তী, অমিয়
9 (RLIN) 127518
245 10 - TITLE STATEMENT
Title অমিয় চক্রবর্তীর শ্রেষ্ঠ কবিতা /
Statement of responsibility, etc. অমিয় চক্রবর্তী
250 ## - EDITION STATEMENT
Edition statement ৩য় সং.
260 ## - PUBLICATION, DISTRIBUTION, ETC. (IMPRINT)
Place of publication, distribution, etc. কলকাতা :
Name of publisher, distributor, etc. দে'জ পাবলিশিং,
Date of publication, distribution, etc. ১৯৯৪
300 ## - PHYSICAL DESCRIPTION
Pagination ১৪৪ পৃ. ;
Size ২৩ সেমি.
650 ## - SUBJECT ADDED ENTRY--TOPICAL TERM
Topical term or geographic name as entry element বাংলা কবিতা
9 (RLIN) 162880
Topical term or geographic name as entry element Bengali Poetry
9 (RLIN) 162881
942 ## - ADDED ENTRY ELEMENTS (KOHA)
Source of classification or shelving scheme Dewey Decimal Classification
Koha item type Books
Holdings
Lost status Source of classification or shelving scheme Damaged status Not for loan Collection code Permanent Location Current Location Shelving location Date acquired Source of acquisition Cost, normal purchase price Total Checkouts Full call number Date last seen Date checked out Copy number Koha item type
  Dewey Decimal Classification     Non-fiction Central Library, University of Rajshahi Central Library, University of Rajshahi   12/12/1996 Ankur Prokasoni, Dhaka 35.00 2 B 891.441 CHA 1994 10/03/2024 27/02/2024 C-2 Books